| 000 | 00629nam a2200205Ia 4500 | ||
|---|---|---|---|
| 003 | OSt | ||
| 005 | 20250926152602.0 | ||
| 008 | 210210b2003 xxu||||| |||| 00| 0 eng d | ||
| 020 | _a81 7713 125 7 | ||
| 040 | _cAL | ||
| 041 | _aKannada | ||
| 082 | _a737.495487K NARK | ||
| 100 |
_aNARASIMHA MURTHY (A V). _dನರಸಿಂಹಮೂರ್ತಿ (ಎ ವಿ) _9240668 |
||
| 245 |
_aKarnataka nanya parampare. _bಕರ್ನಾಟಕ ನಾಣ್ಯ ಪರಂಪರೆ. |
||
| 260 |
_aBengaluru _bKannada Pustaka Pradhikara _c2003 |
||
| 300 | _axii,364 | ||
| 690 |
_aNumismatics _9240669 |
||
| 906 | _a058264 | ||
| 942 |
_2ddc _cBK |
||
| 999 |
_c105830 _d105830 |
||